| 000 | 01167nam0a22003131 4500 | ||
|---|---|---|---|
| 001 | v19\rc\1578696 | ||
| 005 | 20250618210946.0 | ||
| 035 | _a(NLR Aleph) 004706080 | ||
| 090 |
_a4134797 _c4134797 |
||
| 100 | _a20061002d1893 |||y0rusy50 ca | ||
| 101 | 1 |
_arus _cita |
|
| 102 | _aRU | ||
| 105 | _ay z ||||| | ||
| 200 | 1 |
_aПуритане _eОпера в 3 д. _f[Соч.] Гр. Карло Пеполи _gМуз. Винченцо Беллини |
|
| 210 |
_aМосква _cП. Юргенсон _d1893 |
||
| 215 |
_a62 с. _d17 |
||
| 300 | _aЗагл. ориг.: I puritani e i cavalieri" | ||
| 300 | _aПер. также под загл.: Пуритане и кавалеры | ||
| 451 | 0 |
_12001#$aПуритане и кавалеры _tПуритане и кавалеры |
|
| 454 | 0 |
_12001#$aI puritani e i cavalieri _tI puritani e i cavalieri |
|
| 700 | 1 |
_aПеполи _bК. _f1796-1881 _gКарло |
|
| 702 | 1 |
_aБеллини _bВ. _f1801-1835 _gВинченцо _4230 |
|
| 801 | 0 |
_aRU _bNLR _gpsbo |
|
| 801 | 0 |
_aRU _bRuMoRGB _2psbo |
|
| 801 | 1 |
_aRU _bProSoft-M _2rusmarc |
|
| 852 |
_aNLR _j18.287.3.10 |
||
| 899 |
_aRuMoRGB _jA 206/2011 |
||
| 942 | _cBOOK | ||
| 980 | _aNB | ||